[Event "BRA-ch (Women) 62nd"]
[Site "Timbo"]
[Date "2023.11.03"]
[Round "7"]
[White "Toffoli, Vanessa"]
[Black "Schultz, Rauanda"]
[Result "1/2-1/2"]
[WhiteElo "1381"]
[BlackElo "1634"]
[PlyCount "100"]
[EventDate "2023.10.29"]
[EventType "swiss"]
[EventRounds "9"]
[EventCountry "BRA"]
[SourceTitle "Mega2024 Update 01"]
[Source "Chessbase"]
[SourceDate "2023.11.12"]
[SourceVersion "1"]
[SourceVersionDate "2023.11.12"]
[SourceQuality "1"]

1. e4 c5 2. Nf3 g6 3. d4 cxd4 4. Nxd4 Bg7 5. Nc3 Nc6 6. Be3 Nf6 7. f3 d6 8. Qd2 0-0 9. Be2 d5 10. Nxc6 bxc6 11. e5 Nd7 12. f4 e6 13. Na4 Nxe5 14. 0-0 Nd7 15. Rad1 a5 16. c4 Ba6 17. b3 Rb8 18. Rf2 Re8 19. f5 exf5 20. cxd5 Bxe2 21. Rxe2 cxd5 22. Qxd5 Nf6 23. Qxd8 Rbxd8 24. Rxd8 Rxd8 25. Rd2 Rc8 26. Re2 Ne4 27. g3 Bf8 28. Nb6 Rc6 29. Nc4 a4 30. Ne5 Re6 31. Nc4 axb3 32. axb3 Nc5 33. Rb2 Nd3 34. Rd2 Nb4 35. Rd8 Kg7 36. Bd4+ f6 37. Rd7+ Kh6 38. Be3+ g5 39. h4 Kg6 40. hxg5 fxg5 41. Bd4 Nc6 42. Bc3 Bc5+ 43. Kf1 Be7 44. Rc7 Bf6 45. Bxf6 Kxf6 46. Rxh7 Kg6 47. Rc7 Nd4 48. b4 f4 49. gxf4 gxf4 50. Rd7 Nb5 1/2-1/2

[Event "Joacaba op 2nd"]
[Site "Joacaba"]
[Date "2023.07.01"]
[Round "3"]
[White "Luzzi, Eike Leons Lima"]
[Black "Toffoli, Vanessa"]
[Result "0-1"]
[WhiteElo "1800"]
[BlackElo "1367"]
[PlyCount "114"]
[EventDate "2023.06.30"]
[EventType "swiss"]
[EventRounds "6"]
[EventCountry "BRA"]
[SourceTitle "CBM 215 Extra"]
[Source "ChessBase"]
[SourceDate "2023.09.30"]
[SourceVersion "1"]
[SourceVersionDate "2023.09.30"]
[SourceQuality "1"]

1. e4 c5 2. Nf3 d6 3. Nc3 Nf6 4. Bc4 a6 5. a4 e6 6. d3 Be7 7. 0-0 Nc6 8. Re1 0-0 9. h3 h6 10. Bf4 d5 11. Bb3 d4 12. Ne2 Nd7 13. c3 e5 14. Bg3 Qc7 15. Bd5 Bf6 16. Bxc6 bxc6 17. Bh4 Rb8 18. Bxf6 Nxf6 19. Rb1 Be6 20. Qd2 Nd7 21. b4 a5 22. bxc5 Nxc5 23. cxd4 Nb3 24. Qc3 exd4 25. Nexd4 Nxd4 26. Nxd4 c5 27. Nxe6 fxe6 28. Rxb8 Rxb8 29. Rc1 Rc8 30. Qc4 Qe5 31. Qc3 Qc7 32. d4 c4 33. d5 exd5 34. exd5 Qc5 35. d6 Qxd6 36. Qxa5 Qd3 37. Qc3 Qe2 38. Qe1 Qxe1+ 39. Rxe1 Ra8 40. Ra1 Kf7 41. Kh2 Ke6 42. g4 Kd5 43. Kg3 c3 44. Kh4 Kc4 45. Kh5 c2 46. Kg6 Ra7 47. f4 Kc3 48. Rc1 Kb2 49. Rxc2+ Kxc2 50. f5 Kd3 51. h4 Ke4 52. g5 hxg5 53. hxg5 Ke5 54. f6 gxf6 55. gxf6 Ra6 56. a5 Rxf6+ 57. Kg7 Ra6 0-1

[Event "Concordia op 6th"]
[Site "Concordia"]
[Date "2022.10.13"]
[Round "3"]
[White "Toffoli, Vanessa"]
[Black "Nascimento, Heitor M Barbieri"]
[Result "1-0"]
[WhiteElo "1140"]
[BlackElo "1683"]
[PlyCount "51"]
[EventDate "2022.10.12"]
[EventType "swiss"]
[EventRounds "9"]
[EventCountry "BRA"]
[SourceTitle "CBM 210 Extra"]
[Source "ChessBase"]
[SourceDate "2022.11.30"]
[SourceVersion "1"]
[SourceVersionDate "2022.11.30"]
[SourceQuality "1"]

1. e4 g6 2. d4 d6 3. Bc4 Bd7 4. Nf3 Nc6 5. Ng5 Nh6 6. Qf3 e6 7. Be3 Nxd4 8. Bxd4 Qxg5 9. Bxh8 Qc1+ 10. Qd1 Qxd1+ 11. Kxd1 0-0-0 12. Nc3 d5 13. exd5 exd5 14. Bd3 Be6 15. Bf6 Re8 16. Re1 Ng4 17. Bh4 d4 18. Nd5 g5 19. Bg3 Rd8 20. Nxc7 Bd6 21. Nxe6 fxe6 22. Bxd6 Rxd6 23. Kd2 a6 24. Re2 e5 25. Bf5+ Kc7 26. Bxg4 1-0

[Event "Florianopolis op 8th"]
[Site "Florianopolis"]
[Date "2022.01.25"]
[Round "2"]
[White "Toffoli, Vanessa"]
[Black "Lima, Stefan Moisei Vieir"]
[Result "0-1"]
[WhiteElo "1013"]
[BlackElo "1682"]
[PlyCount "104"]
[EventDate "2022.01.24"]
[EventType "swiss"]
[EventRounds "10"]
[EventCountry "BRA"]
[SourceTitle "CBM 206 Extra"]
[Source "ChessBase"]
[SourceDate "2022.03.31"]
[SourceVersion "1"]
[SourceVersionDate "2022.03.31"]
[SourceQuality "1"]

1. e4 c5 2. Nf3 d6 3. Bb5+ Bd7 4. Bxd7+ Qxd7 5. 0-0 Nf6 6. Qe2 e6 7. Rd1 Be7 8. c3 Nc6 9. d4 cxd4 10. cxd4 d5 11. Nc3 dxe4 12. Nxe4 0-0 13. Bg5 Nxe4 14. Qxe4 h6 15. Ne5 Nxe5 16. dxe5 Qc7 17. Rac1 Rfd8 18. Bxe7 Qxe7 19. h3 Rac8 20. Rxc8 Rxc8 21. Rd3 Rc1+ 22. Kh2 Qc7 23. f4 Rc2 24. Rd8+ Qxd8 25. Qxc2 Qb6 26. f5 Qb5 27. Qc8+ Kh7 28. fxe6 Qxe5+ 29. Kg1 Qxe6 30. Qxb7 Qxa2 31. Qe4+ g6 32. b4 Qa1+ 33. Kh2 f5 34. Qe7+ Qg7 35. Qe3 Qc7+ 36. Kh1 Qf7 37. Qf2 g5 38. Kg1 Kg6 39. g4 fxg4 40. Qc2+ Qf5 41. Qc6+ Kh5 42. hxg4+ Qxg4+ 43. Qg2 Qxg2+ 44. Kxg2 Kg4 45. b5 h5 46. Kh2 Kf3 47. Kg1 h4 48. Kh2 h3 49. Kxh3 g4+ 50. Kh2 Kf2 51. b6 g3+ 52. Kh3 axb6 0-1

[Event "BRA-ch U16 Girls"]
[Site "Florianopolis"]
[Date "2021.07.03"]
[Round "4"]
[White "Toffoli, Vanessa"]
[Black "Cadorin, Carine Ghisi"]
[Result "1/2-1/2"]
[WhiteElo "1011"]
[BlackElo "1300"]
[PlyCount "66"]
[EventDate "2021.07.01"]
[EventType "swiss"]
[EventRounds "6"]
[EventCountry "BRA"]
[SourceTitle "CBM 203 Extra"]
[Source "ChessBase"]
[SourceDate "2021.09.30"]
[SourceVersion "1"]
[SourceVersionDate "2021.09.30"]
[SourceQuality "1"]

1. e4 e5 2. Nf3 Nc6 3. Bc4 Bc5 4. Nc3 a6 5. d3 Nf6 6. Be3 Ba7 7. Bxa7 Rxa7 8. d4 exd4 9. Nxd4 Ne5 10. Bb3 0-0 11. f4 Nc6 12. e5 Ne8 13. Qd3 d6 14. e6 fxe6 15. Nxe6 Bxe6 16. Bxe6+ Kh8 17. f5 Qh4+ 18. g3 Qd4 19. 0-0-0 Qxd3 20. Rxd3 Ne5 21. Rd4 b5 22. g4 g6 23. h3 Ng7 24. Nd5 gxf5 25. gxf5 Nh5 26. Rf1 Nf6 27. Nxf6 Rxf6 28. Rg1 Ra8 29. Rf4 Raf8 30. Rf2 Nc6 31. Rfg2 Ne7 32. Rg7 Re8 33. Bf7 Rf8 1/2-1/2

[Event "BRA-ch U16 Girls"]
[Site "Florianopolis"]
[Date "2021.07.02"]
[Round "3"]
[White "Duarte, Giovanna Torqui"]
[Black "Toffoli, Vanessa"]
[Result "0-1"]
[WhiteElo "1534"]
[BlackElo "1011"]
[PlyCount "56"]
[EventDate "2021.07.01"]
[EventType "swiss"]
[EventRounds "6"]
[EventCountry "BRA"]
[SourceTitle "CBM 203 Extra"]
[Source "ChessBase"]
[SourceDate "2021.09.30"]
[SourceVersion "1"]
[SourceVersionDate "2021.09.30"]
[SourceQuality "1"]

1. d4 d5 2. Nf3 c5 3. Bf4 Nc6 4. e3 e6 5. Nc3 a6 6. Bd3 Nf6 7. Qe2 c4 8. Bxc4 dxc4 9. Qxc4 Bb4 10. 0-0-0 Bxc3 11. Qxc3 Ne4 12. Qe1 Qd5 13. b3 a5 14. Ne5 a4 15. Nxc6 bxc6 16. f3 Nf6 17. Qb4 axb3 18. Qxb3 Qxb3 19. axb3 0-0 20. g4 Rd8 21. c4 Bb7 22. Rhf1 Ra2 23. h4 Rda8 24. h5 R8a3 25. b4 Ba6 26. g5 Nxh5 27. Bd6 Rg2 28. b5 Ra1# 0-1

[Event "BRA-ch U20 Girls"]
[Site "Concordia"]
[Date "2019.08.04"]
[Round "6"]
[White "Ribeiro, Maria Eduarda Thibe"]
[Black "Toffoli, Vanessa"]
[Result "1-0"]
[WhiteElo "1757"]
[BlackElo "1750"]
[PlyCount "87"]
[EventDate "2019.08.01"]
[EventType "swiss"]
[EventRounds "7"]
[EventCountry "BRA"]
[SourceTitle "EXT 2020"]
[Source "ChessBase"]
[SourceDate "2019.10.17"]
[SourceVersion "1"]
[SourceVersionDate "2019.10.17"]
[SourceQuality "1"]

1. e4 e5 2. Nf3 Nc6 3. Bc4 Bc5 4. d3 h6 5. Be3 Bb6 6. 0-0 Nf6 7. Nc3 d6 8. h3 Be6 9. Bb3 0-0 10. Qd2 Re8 11. Rfe1 d5 12. exd5 Bxd5 13. Bxd5 Nxd5 14. Re2 Qd6 15. Rae1 Re7 16. Nb5 Ba5 17. Nxd6 Bxd2 18. Bxd2 cxd6 19. c4 Nf4 20. Bxf4 Rae8 21. Bd2 f5 22. Bc3 e4 23. dxe4 fxe4 24. Nd2 Kf7 25. Nxe4 Kg6 26. Ng3 Ne5 27. f4 Nc6 28. Rxe7 Nxe7 29. Bb4 Kf6 30. Bxd6 g5 31. fxg5+ hxg5 32. Nh5+ Kf7 33. b4 Nf5 34. Rxe8 Kxe8 35. Bg3 Kf7 36. Bf2 a6 37. Kf1 Nd6 38. c5 Nc4 39. Ke1 Ke6 40. Ke2 Kf5 41. Kd3 g4 42. hxg4+ Kxg4 43. Ng3 Kf4 44. a4 1-0

[Event "BRA-ch U20 Girls"]
[Site "Concordia"]
[Date "2019.08.03"]
[Round "4"]
[White "Campagnolo, Bruna1111"]
[Black "Toffoli, Vanessa"]
[Result "1-0"]
[WhiteElo "1345"]
[BlackElo "1750"]
[PlyCount "97"]
[EventDate "2019.08.01"]
[EventType "swiss"]
[EventRounds "7"]
[EventCountry "BRA"]
[SourceTitle "EXT 2020"]
[Source "ChessBase"]
[SourceDate "2019.10.17"]
[SourceVersion "1"]
[SourceVersionDate "2019.10.17"]
[SourceQuality "1"]

1. e4 e5 2. Nf3 Nc6 3. d4 Bd6 4. Nc3 Nf6 5. Bc4 b6 6. Bg5 h6 7. Bh4 Bb7 8. Bg3 Qe7 9. dxe5 Nxe5 10. Bxe5 Bxe5 11. Nxe5 Qxe5 12. f3 0-0 13. Qe2 Rad8 14. 0-0 d5 15. exd5 Qxe2 16. Bxe2 Bxd5 17. Rad1 Rfe8 18. Rfe1 c6 19. a3 Re7 20. Bd3 Rde8 21. Rxe7 Rxe7 22. Nxd5 Nxd5 23. Be4 Re5 24. c4 Nf6 25. Rd8+ Re8 26. Rxe8+ Nxe8 27. Bxc6 Nd6 28. Bb5 Kf8 29. Kf2 Ke7 30. Ke3 Nb7 31. Bc6 Na5 32. Bd5 f6 33. Ke4 Kd6 34. b4 Nb3 35. Kf5 Nd4+ 36. Kg6 Ne6 37. Bxe6 Kxe6 38. Kxg7 h5 39. Kg6 h4 40. f4 f5 41. c5 bxc5 42. bxc5 Kd5 43. Kxf5 Kxc5 44. Ke5 a5 45. f5 Kc4 46. f6 Kd3 47. f7 h3 48. gxh3 Ke3 49. f8Q 1-0

[Event "BRA-ch U20 Girls"]
[Site "Concordia"]
[Date "2019.08.03"]
[Round "5"]
[White "Toffoli, Vanessa"]
[Black "Kerber, Nicole Storchio"]
[Result "1-0"]
[WhiteElo "1750"]
[BlackElo "1632"]
[PlyCount "81"]
[EventDate "2019.08.01"]
[EventType "swiss"]
[EventRounds "7"]
[EventCountry "BRA"]
[SourceTitle "EXT 2020"]
[Source "ChessBase"]
[SourceDate "2019.10.17"]
[SourceVersion "1"]
[SourceVersionDate "2019.10.17"]
[SourceQuality "1"]

1. e4 e5 2. Nf3 Nc6 3. Bc4 Bc5 4. 0-0 Nf6 5. Nc3 0-0 6. d3 d6 7. h3 h6 8. Be3 Bb6 9. Re1 Na5 10. Bb3 Nxb3 11. axb3 Nh5 12. Nxe5 dxe5 13. Qxh5 Qf6 14. Nd5 Qe6 15. Nxb6 cxb6 16. Qf3 Qg6 17. Ra2 Bxh3 18. Qxh3 Rad8 19. Rxa7 Rd6 20. Rxb7 Rc6 21. Qh2 Rxc2 22. Rxb6 Qg4 23. Qxe5 Rxb2 24. Qxb2 h5 25. Bh6 h4 26. f3 Qg3 27. Qf2 Qe5 28. Qxh4 Qd4+ 29. Be3 Qxd3 30. Qg4 Qd8 31. Bh6 Qxb6+ 32. Be3 Qb4 33. Rb1 Qc3 34. Bf4 Qc2 35. Re1 Qxb3 36. Be5 Qe3+ 37. Kh2 Qh6+ 38. Kg3 Qh8 39. Rh1 Qh2+ 40. Rxh2 f5 41. Qxg7# 1-0

[Event "BRA-ch U20 Girls"]
[Site "Concordia"]
[Date "2019.08.02"]
[Round "2"]
[White "Toffoli, Vanessa"]
[Black "Balena, Aline"]
[Result "0-1"]
[WhiteElo "1750"]
[BlackElo "1156"]
[PlyCount "54"]
[EventDate "2019.08.01"]
[EventType "swiss"]
[EventRounds "7"]
[EventCountry "BRA"]
[SourceTitle "EXT 2020"]
[Source "ChessBase"]
[SourceDate "2019.10.17"]
[SourceVersion "1"]
[SourceVersionDate "2019.10.17"]
[SourceQuality "1"]

1. e4 e5 2. Nf3 Nc6 3. Bc4 Bc5 4. 0-0 Nf6 5. Nc3 d6 6. h3 Be6 7. Bb3 Qd7 8. d3 0-0-0 9. Be3 Nd4 10. Bxd4 Bxd4 11. Nxd4 exd4 12. Ne2 h5 13. Nxd4 Rh6 14. Bxe6 fxe6 15. Qf3 e5 16. Nf5 Rg6 17. Ne7+ Qxe7 18. Qf5+ Kb8 19. Qxg6 Rf8 20. c3 d5 21. exd5 Nxd5 22. Qxh5 Nf4 23. Qf3 Qd6 24. Rad1 Qg6 25. Qg4 Qxg4 26. hxg4 Ne2+ 27. Kh2 Rh8# 0-1